Biblical Hermeneutics : (Record no. 11008)
[ view plain ]
| 000 -LEADER | |
|---|---|
| fixed length control field | 00575nam a22001817a 4500 |
| 003 - CONTROL NUMBER IDENTIFIER | |
| control field | GBCCL |
| 005 - DATE AND TIME OF LATEST TRANSACTION | |
| control field | 20251110144836.0 |
| 008 - FIXED-LENGTH DATA ELEMENTS--GENERAL INFORMATION | |
| fixed length control field | 251110b |||||||| |||| 00| 0 eng d |
| 020 ## - INTERNATIONAL STANDARD BOOK NUMBER | |
| International Standard Book Number | 9788197154164 |
| 040 ## - CATALOGING SOURCE | |
| Transcribing agency | GBC |
| 082 ## - DEWEY DECIMAL CLASSIFICATION NUMBER | |
| Classification number | 220.601 |
| Item number | ABR 1 |
| 100 ## - MAIN ENTRY--PERSONAL NAME | |
| Personal name | Abraham, Joshy |
| 245 ## - TITLE STATEMENT | |
| Title | Biblical Hermeneutics : |
| Remainder of title | a guide for studying the Bible ( with illustrations ) / |
| Statement of responsibility, etc. | Dr. Joshy Abraham, Dr. Twinkle Paul and Dr. Mathew K.S. |
| 260 ## - PUBLICATION, DISTRIBUTION, ETC. | |
| Place of publication, distribution, etc. | Kerala, India : |
| Name of publisher, distributor, etc. | Ezra publishing house, |
| Date of publication, distribution, etc. | 2024 |
| 300 ## - PHYSICAL DESCRIPTION | |
| Extent | 336pages ; |
| 650 ## - SUBJECT ADDED ENTRY--TOPICAL TERM | |
| Topical term or geographic name entry element | Bible |
| Form subdivision | Hermeneutics |
| 942 ## - ADDED ENTRY ELEMENTS (KOHA) | |
| Source of classification or shelving scheme | Dewey Decimal Classification |
| Koha item type | Books |
| Suppress in OPAC | No |
| Withdrawn status | Lost status | Source of classification or shelving scheme | Damaged status | Not for loan | Home library | Current Library | Shelving location | Date acquired | Total checkouts | Full call number | Barcode | Date last seen | Date last checked out | Copy number | Price effective from | Koha item type |
|---|---|---|---|---|---|---|---|---|---|---|---|---|---|---|---|---|
| Dewey Decimal Classification | GRACE BIBLE COLLEGE | GRACE BIBLE COLLEGE | Biblical Studies | 2025-11-10 | 2 | 220.601 ABR | 017172 | 2026-03-02 | 2026-02-23 | c.1 | 2025-11-10 | Books | ||||
| Dewey Decimal Classification | GRACE BIBLE COLLEGE | GRACE BIBLE COLLEGE | Biblical Studies | 2025-11-10 | 2 | 220.601 ABR | 017173 | 2026-03-02 | 2026-02-23 | c.2 | 2025-11-10 | Books | ||||
| Dewey Decimal Classification | GRACE BIBLE COLLEGE | GRACE BIBLE COLLEGE | Biblical Studies | 2025-11-10 | 2 | 220.601 ABR | 017174 | 2026-02-26 | 2026-02-19 | c.3 | 2025-11-10 | Books |